[Event "Hoogeveen Amateurs op 25th"]
[Site "Hoogeveen"]
[Date "2022.10.22"]
[Round "7.1"]
[White "Mohtaat, Homayoun"]
[Black "De Vries, Bram"]
[Result "0-1"]
[WhiteElo "1799"]
[BlackElo "1845"]
[PlyCount "56"]
[EventDate "2022.10.15"]
[EventType "swiss"]
[EventRounds "7"]
[EventCountry "NED"]
[SourceTitle "CBM 210 Extra"]
[Source "ChessBase"]
[SourceDate "2022.11.30"]
[SourceVersion "1"]
[SourceVersionDate "2022.11.30"]
[SourceQuality "1"]

1. d4 Nf6 2. Bg5 c5 3. e3 Ne4 4. Bf4 Qb6 5. Nc3 Nxc3 6. bxc3 e6 7. Bd3 cxd4 8. cxd4 Qa5+ 9. Kf1 Nc6 10. Ne2 Be7 11. f3 0-0 12. c3 f5 13. Qc2 b6 14. Rb1 Ba6 15. Bxa6 Qxa6 16. Kf2 Rac8 17. Qd2 Na5 18. Rhd1 Nc4 19. Qd3 Qa3 20. Qc2 Qa5 21. Qb3 h5 22. h4 Bxh4+ 23. Bg3 Bxg3+ 24. Nxg3 Nxe3 25. Rd3 h4 26. Ne2 f4 27. d5 Nxd5 28. c4 Qc5+ 0-1